Gears and gear-cutting ; principles, practice and formul /

Bibliographic Details
Main Author: Camm, F. J. (Frederick James), 1897-1959
Other Authors: Tuplin, William Alfred
Format: Book
Language:English
Published: Brooklyn, N.Y. : Chemical publishing co., inc., 1941.
Subjects:

MARC

Tag First Indicator Second Indicator Subfields
LEADER 00000cam a2200000 4500
001 in00000045700
005 20151007075222.0
008 780203s1941 nyua 00110 eng
010 |a  41050591  
035 |a (OCoLC)03601623 
035 |9 AAF2841AM 
040 |a DLC  |c IPU  |d TXA  |d UtOrBLW 
049 |a TXAM  |c 1 [96483]  |c 2 [374219] 
050 0 |a TJ184  |b .C118 1941 
082 0 |a 621.83 
092 |a 621.834  |b C184g 
100 1 |a Camm, F. J.  |q (Frederick James),  |d 1897-1959. 
245 1 0 |a Gears and gear-cutting ;  |b principles, practice and formul /  |c edited by F. J. Camm ... with over 100 illustrations. 
264 1 |a Brooklyn, N.Y. :  |b Chemical publishing co., inc.,  |c 1941. 
300 |a 144 pages :  |b illustrations, diagrams ;  |c 22 cm. 
336 |a text  |b txt  |2 rdacontent 
337 |a unmediated  |b n  |2 rdamedia 
338 |a volume  |b nc  |2 rdacarrier 
500 |a "This book includes the articles on gear-cutting contributed to Practical engineering by W. A. Tuplin."--Pref. 
650 0 |a Gearing. 
700 1 |a Tuplin, William Alfred. 
999 |a MARS 
999 f f |s d5145f15-3f15-39a2-8327-d0d12bc6176d  |i 16f30c29-795e-31f6-bd97-11d51d6c5492  |t 0 
952 f f |p ric  |a Texas A&M University  |b Rellis Campus  |c Joint Library Facility  |d Remote Storage  |t 0  |e TJ184 .C118 1941  |h Library of Congress classification  |i unmediated -- volume  |m A14801042620 
998 f f |a TJ184 .C118 1941  |t 0  |l Remote Storage